000 00292nam a22001337a 4500
008 171005b xxu||||| |||| 00| 0 eng d
020 _a9780743243155
041 _aeng
080 _a519.9
100 _a48
101 _aPSI
245 _aTHE ROAD LESS TRAVELED
_cPECK,M.S
942 _2udc
_cBK
999 _c31853
_d31853